| 000 | 02008cam a22005054i 4500 | ||
|---|---|---|---|
| 003 | PE-LiUPU | ||
| 005 | 20250731173141.0 | ||
| 008 | 150623s r 000 0 d | ||
| 020 | _a0849909082 | ||
| 035 | _a(Sirsi) i9780849909085 | ||
| 040 |
_aPE-LiUPU _bspa _cPE-LiUPU _erda |
||
| 049 | _aPRUA | ||
| 100 | 1 |
_aMacArthur, John, _d1939-, _eautor. |
|
| 245 | 1 | 0 |
_aRediscovering expository preaching / _cJohn MacArthur, [et al]. |
| 264 | 1 |
_aNashville, Tennessee : _bWord Publishing Group, _c1992. |
|
| 300 |
_a410 páginas ; _c24 centímetros |
||
| 336 |
_atext _2rdacontent |
||
| 337 |
_aunmediated _2rdamedia |
||
| 338 |
_avolume _2rdacarrier |
||
| 500 | _aExistencia: 2 ejm. | ||
| 504 | _aBibliografía al pie de páginas. | ||
| 505 | 0 | _aProving the priority of expository preaching. -Preparing the expositor. -Processing and principlizing the biblical text. -Pulling the expository message together. -Preaching the exposition. | |
| 526 | _aSEG42 | ||
| 526 | _aSEG41 | ||
| 526 | _aSEG40 | ||
| 526 | _aSEG39 | ||
| 526 | _aP94 | ||
| 526 | _aP87 | ||
| 526 | _aP86 | ||
| 526 | _aP85 | ||
| 526 | _aP77 | ||
| 526 | _aP76 | ||
| 526 | _aP35 | ||
| 630 |
_aBiblia _xUso homilético. _91510 |
||
| 650 | 0 | 4 | _aSermones expositivos. |
| 942 |
_2ddc _cBOOK |
||
| 949 |
_a251 M12R _wDEWEY _c1 _i43789 _lCCODEBUL1 _mBUL _r0 _sY _tBOOK _u2015-6-24 _xTEOLOGIA _zUNKNOWN _0COMPRA _o.STAFF. Colección General |
||
| 949 |
_a251 M12R _wDEWEY _c2 _i50855 _lCCODEBUL1 _mBUL _p14.99 _r0 _sY _tBOOK _u2015-6-24 _xTEOLOGIA _PP35 _0COMPRA _o.STAFF. Colección General |
||
| 994 |
_aC0 _bPEPRU |
||
| 596 | _a1 | ||
| 999 |
_a251 M12R _wDEWEY _c34595 _i43789 _f2021-11-10 _g5 _lCCODEBUL1 _mBUL _r0 _sY _tBOOK _u2015-6-24 _xTEOLOGIA _zUNKNOWN _0COMPRA _o.STAFF. Colección General _d34595 |
||
| 999 |
_a251 M12R _wDEWEY _c2 _i50855 _f2021-11-10 _g5 _lCCODEBUL1 _mBUL _p14.99 _r0 _sY _tBOOK _u2015-6-24 _xTEOLOGIA _PP35 _0COMPRA _o.STAFF. Colección General |
||
| 980 |
_81 _gALBERTO SANCHEZ Responsable de Automatización |
||